| 000 | 00624nam a2200229Ia 4500 | ||
|---|---|---|---|
| 001 | dia_6623 | ||
| 003 | CHAP | ||
| 008 | 220117s1965 xx 000 0 und d | ||
| 010 | _a178852 | ||
| 040 | _cCHAP | ||
| 090 | _aF 52 1965 | ||
| 100 |
_aTempleton, George S. _9112237 |
||
| 245 |
_aLa cría del conejo cunicultura / _c George S. Templeton y Charles E. Kellogg |
||
| 250 | _a3a ed. | ||
| 260 |
_aMéxico : _b Centro Regional de Ayuda Técnica, _c1965 |
||
| 901 | _aF 52 1965 | ||
| 902 | _aM | ||
| 905 | _a0000001965 MX 0000000000SPA00 | ||
| 942 | _c12 | ||
| 942 | _c12 | ||
| 999 |
_c178852 _d178852 |
||